| 000 | 00784nam a22002295i 4500 | ||
|---|---|---|---|
| 001 | 168639 | ||
| 003 | ES-MaACL | ||
| 005 | 20250902070716.0 | ||
| 008 | 080428s2007 sp |||| | spa d | ||
| 020 | _a978-84-7476-443-7 | ||
| 080 | _a658 | ||
| 100 | 1 |
_aFernández Rodríguez, Carlos. _950038 |
|
| 245 | 1 | 3 |
_aEl discurso del "management" _b: tiempo y narración / _cCarlos Jesús Fernández Rodríguez. |
| 250 | _a1ª ed. | ||
| 260 |
_aMadrid : _bCentro de Investigaciones Sociológicas, _c2007. |
||
| 300 |
_a379 p. ; _c21 cm. |
||
| 490 | 1 |
_aMonografías ; _v248 |
|
| 650 | 1 | 7 |
_aGestión de empresas _2embne _912210 |
| 830 | 0 | 0 |
_aMonografías (Centro de Estudios Benaventanos "Ledo del Pozo") _v248 _9177262 |
| 852 |
_aES-MaACL _jL-29395 _9R.143138 |
||
| 999 |
_c168639 _d168639 |
||